Southville International School and Colleges
Your cart is empty.
  • Cart
  • Lists
    Public lists Eva Luna New books Lux_list list_1
    Your lists Log in to create your own lists
  • Log in to your account
  • Your cookies
  • Search history
Southville International School and Colleges
  • Advanced search
  • Recent comments
  • Most popular
  • Libraries

Log in to your account

Log in with GOOGLE


If you do not have an external account, but do have a local account, you can still log in:

  1. Home
  2. MARC view: New sounds for electric bass and guitar /
Normal view MARC view ISBD view

New sounds for electric bass and guitar / (Record no. 7317)

[ view plain ]
MARC details
000 -LEADER
fixed length control field 00597nam a22002057a 4500
003 - CONTROL NUMBER IDENTIFIER
control field OSt
005 - DATE AND TIME OF LATEST TRANSACTION
control field 20140310181930.0
008 - FIXED-LENGTH DATA ELEMENTS--GENERAL INFORMATION
fixed length control field 130722t xxu||||| |||| 00| 0 eng d
050 ## - LIBRARY OF CONGRESS CALL NUMBER
Classification number MT 599
Item number .F482 1970
082 ## - DEWEY DECIMAL CLASSIFICATION NUMBER
Classification number TR 787.610712
Item number F47 1970
100 ## - MAIN ENTRY--PERSONAL NAME
Personal name Filiberto, Roger
9 (RLIN) 2636
245 ## - TITLE STATEMENT
Title New sounds for electric bass and guitar /
Statement of responsibility, etc Roger Filiberto
260 ## - PUBLICATION, DISTRIBUTION, ETC. (IMPRINT)
Place of publication, distribution, etc Kirkwood Missouri :
Name of publisher, distributor, etc Mel Bay,
Date of publication, distribution, etc c1970.
300 ## - PHYSICAL DESCRIPTION
Extent 47 p. :
Other physical details ill. ;
Dimensions 30 cm.
521 ## - TARGET AUDIENCE NOTE
Target audience note
541 ## - IMMEDIATE SOURCE OF ACQUISITION NOTE
-- 1
562 ## - COPY AND VERSION IDENTIFICATION NOTE
Number of copies 1
650 ## - SUBJECT ADDED ENTRY--TOPICAL TERM
Topical term or geographic name as entry element Bass guitar
General subdivision Instruction and study.
9 (RLIN) 2637
942 ## - ADDED ENTRY ELEMENTS (KOHA)
Source of classification or shelving scheme Library of Congress Classification
Koha item type
Call number prefix
Holdings
Withdrawn status Lost status Source of classification or shelving scheme Damaged status Home library Current library Shelving location Date acquired Total Checkouts Full call number Barcode Date last seen Copy number Price effective from Koha item type
    Library of Congress Classification   Luxembourg Library Luxembourg Library Teachers Reference Section 07/22/2013   MT 599 .F482 1970 13220 08/13/2013 1 07/22/2013 Books

New sounds for electric bass and guitar /

APA

Filiberto R., . (1970). New sounds for electric bass and guitar. Kirkwood Missouri: Mel Bay.

Chicago

Filiberto Roger, . 1970. New sounds for electric bass and guitar. Kirkwood Missouri: Mel Bay.

Harvard

Filiberto R., . (1970). New sounds for electric bass and guitar. Kirkwood Missouri: Mel Bay.

MLA

Filiberto Roger, . New sounds for electric bass and guitar. Kirkwood Missouri: Mel Bay. 1970.

  • Place hold
  • Print
  • Cite
  • Add to your cart (remove)
  • Save record
    BIBTEX Dublin Core MARCXML MARC (non-Unicode/MARC-8) MARC (Unicode/UTF-8) MARC (Unicode/UTF-8, Standard) MODS (XML) RIS
  • More searches
    Search for this title in:
    Other Libraries (WorldCat) Other Databases (Google Scholar) Online Stores (Bookfinder.com) Open Library (openlibrary.org)

Exporting to Dublin Core...

SOUTHVILLE LIBRARY

Southville International School and Colleges Library

1281 Tropical Ave. Cor. Luxembourg St., BF Homes International, Las Pinas City

Tel. No. 8256374 / 252358 Loc. 117/146

Powered by Koha